000 01134nam a2200289 a 4500
001 ebr10626349
003 CaPaEBR
006 m u
007 cr cn|||||||||
008 121205s2000 enka sb 001 0 eng d
020 _z0854044825
020 _z9780854044825
020 _z9781847552280 (e-book)
040 _aCaPaEBR
_cCaPaEBR
035 _a(OCoLC)229400830
050 1 4 _aQD75.2
_b.B87 2000eb
100 1 _aBurgess, Christopher.
245 1 0 _aValid analytical methods and procedures
_h[electronic resource] /
_cChristopher Burgess.
260 _aCambridge :
_bRoyal Society of Chemistry,
_c2000.
300 _aviii, 87 p. :
_bill.
504 _aIncludes bibliographical references and index.
533 _aElectronic reproduction.
_bPalo Alto, Calif. :
_cebrary,
_d2011.
_nAvailable via World Wide Web.
_nAccess may be limited to ebrary affiliated libraries.
650 0 _aChemistry, Analytic
_xMethodology.
655 7 _aElectronic books.
_2local
710 2 _aebrary, Inc.
856 4 0 _uhttp://site.ebrary.com/lib/rucke/Doc?id=10626349
_zAn electronic book accessible through the World Wide Web; click to view
999 _c50793
_d50793